000 00379nam a22001577a 4500
003 OSt
005 20211126112814.0
008 211126b |||||||| |||| 00| 0 eng d
020 _a0-86573-209-4
040 _cHawassa University
050 _a646.11/SEW
_b1
082 _a646.11/SEW
_b1
245 _aSinger sewing specialty fabrics
260 _c1986
942 _2ddc
_cBOOKS
_n0
999 _c20382
_d20382